[Event "EYCC Girls U16 2018"]
[Site "Riga"]
[Date "2018.08.29"]
[Round "9"]
[White "Verbin, Valentina"]
[Black "Goltseva, Ekaterina"]
[Result "0-1"]
[WhiteElo "1838"]
[BlackElo "2185"]
[Annotator "TA"]
[PlyCount "66"]
[EventDate "2018.08.20"]
[EventType "swiss"]
[EventCountry "LAT"]
[SourceTitle "playchess.com"]
[Source "ChessBase"]
[SourceQuality "1"]

{[%evp 23,66,41,52,0,18,-19,-20,-15,-15,-15,-15,-15,-15,-22,-18,-17,-18,-18,-21,-109,-112,-187,-194,-297,-278,-286,-281,-352,-337,-334,-328,-381,-381,-404,-404,-462,-396,-389,-385,-378,-376,-375,-373,-367,-360]} 1. e4 e5 2. Nf3 Nc6 3. Bb5 a6 4. Ba4 Nf6 5. O-O Be7 6. Re1 b5 7. Bb3 d6 8. c3 O-O 9. h3 Nd7 10. a4 Rb8 11. axb5 axb5 12. d4 Bf6 {LiveBook: 52 Partien} 13. dxe5 $146 {C92: Spanische Partie (Tschigorin-Variante)} ({Vorgänger:} 13. d5 Ne7 14. Na3 g6 15. Nc2 Bg7 16. Nb4 Nc5 17. Be3 Nxb3 18. Qxb3 Bd7 19. Ra7 h6 20. c4 c5 21. dxc6 Nxc6 22. Nxc6 Bxc6 {½-½ (42) Mista,A (2588)-Piorun,K (2665) Czech Republic 2016}) 13... Ncxe5 14. Nd4 c5 15. Nf5 {Die Stellung ist ausgeglichen.} c4 16. Bc2 Nc5 {Und ...Lxf5 würde nun gewinnen.} 17. Qxd6 Ned3 18. Bxd3 Qxd6 19. Nxd6 Nxd3 20. Rd1 Bd7 $36 {[%mdl 2048] Schwarz hat Druck.} 21. Nd2 (21. Ra7 $11 {hält das Gleichgewicht.} Rfd8 22. Na3) 21... Ra8 $17 22. Rxa8 (22. Rb1 $17) 22... Rxa8 $19 23. N2xc4 (23. e5 $142 Bxe5 24. N2xc4 bxc4 25. Nxc4) 23... bxc4 24. Nxc4 Ra1 25. e5 Be6 (25... Rxc1 26. Rxc1 Nxc1 27. exf6 $17) (25... Nxc1 $2 26. Rxd7 Nd3+ 27. Kh2 $17) (25... Nxe5 26. Nxe5 Bxe5 27. g3 $19) 26. Ne3 Nxe5 ({Nicht} 26... Nxc1 27. exf6 Ne2+ 28. Kf1 $15) (26... Rxc1 27. Rxc1 Nxc1 28. exf6 $17) ({Viel schwächer ist} 26... Bxe5 27. Rxd3 Rxc1+ 28. Rd1 $19) 27. Nc2 Bb3 28. Nxa1 Bxd1 29. b3 Nd3 30. Bd2 {Schwarz steht auf Gewinn.} Nc5 31. Kf1 Nxb3 32. Ke1 Nxd2 ({Auf keinen Fall} 32... Nxa1 33. Kxd1 Kf8 34. c4 $19) 33. Kxd2 Ba4 {Precision: Weiß = 43%, Schwarz = 93%.} 0-1